000
00312 a2200145 4500
001
181551
020
_a
040
_c
Magnum
100
_a
-
240
1
0
_a
Caminhando para deus/jardim ii
_l
por
245
1
0
_a
Caminhando para deus/jardim ii
362
0
_a
1899
697
_a
MAGNITO: PARADIDATICO
942
_c
BK
999
_c
181551
_d
181551